000 01019cab a2200313 4500
001 WB2833-28
008 090401t1992 xxu||||| |||| 00| 0 eng d
035 _a(Sirsi) u47181
041 _aeng
100 _aHoulder, Vanessa
245 _aLondon`s monopoly board
260 _c1992
350 _a0
490 _aFinancial Times
_v26 August 1992, 13(1)
520 _aLegislation likely during the current Parliament is set to change the historic pattern of land ownership and tenure in London, with the landed estates being dismantled as leaseholders acquire the right to own and manage their property.
650 _aBUILDING LEASES
650 _aCADOGAN ESTATE
650 _aCOMMONHOLD
650 _aGROSVENOR ESTATE
650 _aILCHESTER ESTATE
650 _aLAND OWNERSHIP
650 _aLANDED ESTATES
650 _aLEASEHOLD ENFRANCHISEMENT
650 _aLONDON
650 _aSMITHS CHARITY ESTATE
690 _aLANDLORD AND TENANT-LEASEHOLD REFORM
942 _n0
948 _c04/03/1997
999 _c29759
_d29759